Ποιήματα

Αποθηκεύτηκε σε:
Λεπτομέρειες βιβλιογραφικής εγγραφής
Κύριος συγγραφέας: Yucel, Can
Άλλοι συγγραφείς: Μήλλας, Ηρακλής, 1940- (Μεταφραστής)
Μορφή: Βιβλίο
Γλώσσα:Greek
Turkish
Δημοσίευση: Αθήνα : Γαβριηλίδης. Διεθνές Κέντρο Λογοτεχνών και Μεταφραστών Ρόδου, 2002
Θέματα:
Ετικέτες: Προσθήκη ετικέτας
Δεν υπάρχουν, Καταχωρήστε ετικέτα πρώτοι!

MARC

LEADER 00000cam a2200000 i 4500
001 1/36115
008 030526s2002 gre d
020 |a 960-87367-1-4 
035 |l 10070004 
040 |a GR-MY-UA  |b gre  |e aacr 
041 0 |a gre  |a tur 
082 0 |a 894.351 
100 1 |a Yucel, Can. 
245 1 0 |a Ποιήματα /  |c Τζάν Γιουτζέλ ; επιλογή, μετάφραση από τα τουρκικά Ηρακλής Μήλλας 
260 |a Αθήνα :   |b Γαβριηλίδης. Διεθνές Κέντρο Λογοτεχνών και Μεταφραστών Ρόδου,   |c 2002 
300 |a 93 σ. 
650 0 0 |a Turkish poetry. 
700 1 |a Μήλλας, Ηρακλής,   |d 1940-  |4 trl 
852 |a INST  |b RHODES  |e 20030526  |h 894.351 YUC  |p 005400020507  |q 005400020507  |t BK  |y 0 
901 |a BIBL4-2003-2 
970 |a ΚΟΥΛΑΚΙΟΤΗ  |b ΛΙΤΣΑ  |z 2003/05/26